000 00394nam a2200181Ia 4500
005 20240823061803.0
008 240823s9999||||xx |||||||||||||| ||und||
041 _aTAMIL
082 _A823.824 Q2
100 _aBalasubramanian
245 0 _aNerunchi
250 _a1st
260 _c2012
_bAnuradha Publica
500 _aYES
650 _aTamil
_bGeneral
942 _cBK
999 _c234351
_d234351